Štúdia odkanalizovania obce Pobedim

Gespeichert in:
Bibliographische Detailangaben
1. Verfasser: Néveri, Bálint (Verfasst von)
Weitere Verfasser: Wittmanová, Réka (Betreuung Doktorarbeit)
Format: Manuskript Buch
Sprache:Slowakisch
Veröffentlicht: 2022
Schlagworte:
Online-Zugang:http://is.stuba.sk/zp/portal_zp.pl?podrobnosti=164033
https://opac.crzp.sk/?fn=detailBiblioForm&sid=2990E1F3D3E2554678833559E9F3
Tags: Tag hinzufügen
Keine Tags, Fügen Sie das erste Tag hinzu!

MARC

LEADER 00000ntm a22000003a 4500
001 stuzp88726
003 SK-STU
005 20230509101023.7
007 ta
008 150427s2015----xo-----f-mn---000-0-slo-d
040 |a STU  |b slo 
041 0 |a slo 
100 1 |a Néveri, Bálint  |u 010280  |4 aut  |U SvF Stavebná fakulta  |T SvF Katedra zdravotného inžinierstva  |X 93041  |U V280  |Y 29  |7 93041 
242 0 1 |a Sewerage network in the village Pobedim  |y eng 
245 1 0 |a Štúdia odkanalizovania obce Pobedim 
260 |c 2022 
650 4 |a čerpacia stanica  |2 slo 
650 4 |a šachta  |2 slo 
650 4 |a vsakovanie  |2 slo 
650 4 |a kanalizácia  |2 slo 
650 4 |a pump station  |2 eng 
650 4 |a manhole  |2 eng 
650 4 |a infiltration  |2 eng 
650 4 |a sewerage  |2 eng 
700 1 |a Wittmanová, Réka  |u 010280  |k Z1  |4 ths  |U SvF Stavebná fakulta  |T SvF Katedra zdravotného inžinierstva  |X 55673  |U V280  |Y 29  |7 55673 
856 4 |u http://is.stuba.sk/zp/portal_zp.pl?podrobnosti=164033 
856 4 |u https://opac.crzp.sk/?fn=detailBiblioForm&sid=2990E1F3D3E2554678833559E9F3